000
00257nam a2200097Ia 4500
001
834434
005
20250826172434.0
008
250824s9999 xx 000 0 und d
245
0
_a
BUGÜN ADIM KAKTÜS BENİM
_c
HACER KILCIOĞLU
260
_b
GÜNIŞIĞI YAYINLARI
999
_c
834434
_d
834434